The development of national library and information services (Record no. 40001)
[ view plain ]
| 000 -LEADER | |
|---|---|
| fixed length control field | 00667nam a2200157 a 4500 |
| 008 - FIXED-LENGTH DATA ELEMENTS--GENERAL INFORMATION | |
| fixed length control field | 120416s0000 ||||||||||||||||| || u |
| 020 ## - INTERNATIONAL STANDARD BOOK NUMBER | |
| International Standard Book Number | 085365784X |
| 050 ## - LIBRARY OF CONGRESS CALL NUMBER | |
| Classification number | Z 673.L74 Dev |
| 100 ## - MAIN ENTRY--PERSONAL NAME | |
| Personal name | Dudley, Edward |
| 245 14 - TITLE STATEMENT | |
| Title | The development of national library and information services |
| Statement of responsibility, etc. | edited by Edward Dudley |
| 246 ## - VARYING FORM OF TITLE | |
| Title proper/short title | papers given at the first Library Association International Workshop, London, 1981 |
| 260 ## - PUBLICATION, DISTRIBUTION, ETC. | |
| Place of publication, distribution, etc. | London |
| Name of publisher, distributor, etc. | The Library Association |
| Date of publication, distribution, etc. | 1983 |
| 300 ## - PHYSICAL DESCRIPTION | |
| Extent | xii, 202p. : ill. |
| 350 ## - PRICE (NR) (BK AM CF MU VM SE) [OBSOLETE] | |
| Price | 0.00 |
| 995 ## - RECOMMENDATION 995 [LOCAL, UNIMARC FRANCE] | |
| -- | 0.00 |
| -- | CBU-MAIN LIBRARY (Kitwe) |
| -- | 1 |
| -- | 19.50 |
| -- | AVAILABLE |
| -- | Annex Low-Usage Collection |
| Withdrawn status | Lost status | Source of classification or shelving scheme | Damaged status | Not for loan | Home library | Current library | Shelving location | Date acquired | Total Checkouts | Full call number | Barcode | Date last seen | Price effective from | Koha item type |
|---|---|---|---|---|---|---|---|---|---|---|---|---|---|---|
| CBU-MAIN LIBRARY, KITWE. | CBU-MAIN LIBRARY, KITWE. | 11/30/2022 | Z 673.L74 Dev | 017467 | 11/30/2022 | 11/30/2022 | MONOGRAPH |